| 000 | 00475nam a2200193Ia 4500 | ||
|---|---|---|---|
| 003 | IIN | ||
| 005 | 20240205115945.0 | ||
| 008 | 231217s9999 xx 000 0 und d | ||
| 020 |
_cRs.1100.00 _a9788178556406 |
||
| 040 |
_aIIN _bEnglish |
||
| 082 |
_a579 _bBAV |
||
| 100 | 1 | _aBaveja, C.P. | |
| 245 | 1 |
_aTextbook of Microbiology / _cC.P. Baveja |
|
| 250 | _a6th ed | ||
| 260 |
_bArya _aNew Delhi _c2018 |
||
| 300 | _a700 p. | ||
| 650 | 1 | _aMicrobiology | |
| 942 | _cBOOK | ||
| 999 |
_c938 _d938 |
||